<?xml version="1.0" encoding="UTF-8"?><?xml-stylesheet type="text/xsl" href="static/style.xsl"?><OAI-PMH xmlns="http://www.openarchives.org/OAI/2.0/" xmlns:xsi="http://www.w3.org/2001/XMLSchema-instance" xsi:schemaLocation="http://www.openarchives.org/OAI/2.0/ http://www.openarchives.org/OAI/2.0/OAI-PMH.xsd"><responseDate>2026-04-14T15:23:52Z</responseDate><request verb="GetRecord" identifier="oai:uvadoc.uva.es:10324/55403" metadataPrefix="marc">https://uvadoc.uva.es/oai/request</request><GetRecord><record><header><identifier>oai:uvadoc.uva.es:10324/55403</identifier><datestamp>2025-03-26T19:45:16Z</datestamp><setSpec>com_10324_7522</setSpec><setSpec>com_10324_5186</setSpec><setSpec>com_10324_29291</setSpec><setSpec>col_10324_55395</setSpec></header><metadata><record xmlns="http://www.loc.gov/MARC21/slim" xmlns:doc="http://www.lyncode.com/xoai" xmlns:xsi="http://www.w3.org/2001/XMLSchema-instance" xmlns:dcterms="http://purl.org/dc/terms/" xsi:schemaLocation="http://www.loc.gov/MARC21/slim http://www.loc.gov/standards/marcxml/schema/MARC21slim.xsd">
<leader>00925njm 22002777a 4500</leader>
<datafield tag="042" ind1=" " ind2=" ">
<subfield code="a">dc</subfield>
</datafield>
<datafield tag="720" ind1=" " ind2=" ">
<subfield code="a">Gómez Rivas, León G.</subfield>
<subfield code="e">author</subfield>
</datafield>
<datafield tag="720" ind1=" " ind2=" ">
<subfield code="a">Matarán López, Cristobal</subfield>
<subfield code="e">author</subfield>
</datafield>
<datafield tag="260" ind1=" " ind2=" ">
<subfield code="c">2022</subfield>
</datafield>
<datafield tag="520" ind1=" " ind2=" ">
<subfield code="a">Son importantes (y en ocasiones se les presta poca atención) tanto los modelos de difusión de las ideas, como el papel de las escuelas en la Historia del Pensamiento Económico. Aquí se ofrece una reflexión sobre el papel de la Escuela de Salamanca en esa Historia de las doctrinas económicas, su transmisión a la Europa continental, y su influencia en la Escuela Austriaca de Economía. Lo que nos permitirá concluir con unas consideraciones sobre ese concepto de las Escuelas económicas, su alcance o sus limitaciones.</subfield>
</datafield>
<datafield tag="024" ind2=" " ind1="8">
<subfield code="a">Journal of the Sociology and Theory of Religion; Vol. 14 Núm. Extra-1 (2022): Religiosos y economistas: La economía moral de la Escuela de Salamanca pags. 103-133</subfield>
</datafield>
<datafield tag="024" ind2=" " ind1="8">
<subfield code="a">2255-2715</subfield>
</datafield>
<datafield tag="024" ind2=" " ind1="8">
<subfield code="a">https://uvadoc.uva.es/handle/10324/55403</subfield>
</datafield>
<datafield tag="024" ind2=" " ind1="8">
<subfield code="a">10.24197/jstr.Extra-1.2022.103-133</subfield>
</datafield>
<datafield tag="024" ind2=" " ind1="8">
<subfield code="a">103</subfield>
</datafield>
<datafield tag="024" ind2=" " ind1="8">
<subfield code="a">Extra-1</subfield>
</datafield>
<datafield tag="024" ind2=" " ind1="8">
<subfield code="a">133</subfield>
</datafield>
<datafield ind1=" " ind2=" " tag="653">
<subfield code="a">Religión - Historia</subfield>
</datafield>
<datafield tag="245" ind1="0" ind2="0">
<subfield code="a">Modelos de difusión de ideas en la Historia del Pensamiento Económico: la Escuela de Salamanca y la Escuela Austriaca de Economía</subfield>
</datafield>
</record></metadata></record></GetRecord></OAI-PMH>